00237nam a2200085Ia 4500008004100000100002800041245003100069260004200100260000900142170620s9999 xx 000 0 und d aRao- Digumarti Bhaskara 0aGlobal Educational Studies bNew Delhi- Discovery Publishing House c2006